Tóm tắt những vụ tranh chấp điển hình của WTO : Báo cáo của ban hội thẩm và cơ quan phúc thẩm từ năm 1995-2010. t.I /

Shranjeno v:
Bibliografske podrobnosti
Drugi avtorji: Lê Huỳnh Phương Chinh (dịch.), Lê Thị Nguyệt Châu (dịch.), Leitner, Kara (biên soạn.), Lester, Simon (biên soạn.), Nguyễn Ánh Minh (dịch.), Nguyễn Nam Phương (dịch.), Nguyễn Phan Khôi (dịch.), Nguyễn Thành Trung (dịch.), Nguyễn Thị Mỹ Linh (dịch.), Nguyễn Thị Thành (dịch.), Nguyễn Thu Quỳnh (dịch.), Nguyễn Văn Hậu (dịch.), Phạm Thế Phong (dịch.), Trần Khắc Quy (dịch.), Võ Nguyễn Nam Trung (dịch.)
Format: Sách giấy
Jezik:Vietnamese
English
Izdano: Cần Thơ : Đại học Cần Thơ, 2010.
Teme:
Oznake: Označite
Brez oznak, prvi označite!
Thư viện lưu trữ: Thư viện Trường Đại học Đà Lạt
LEADER 01673nam a2200481 4500
001 DLU120132467
005 ##20120302
040 # # |a DLU  |b vie 
041 # # |a vie  |h eng 
044 # # |a vn 
082 # # |a 382.92  |b Tom 
245 # # |a Tóm tắt những vụ tranh chấp điển hình của WTO :  |b Báo cáo của ban hội thẩm và cơ quan phúc thẩm từ năm 1995-2010.  |n t.I /  |c Simon Lester, Kara Leitner biên soạn; Nguyễn Thị Nguyệt Châu, ...[et al.] dịch. 
260 # # |a Cần Thơ :  |b Đại học Cần Thơ,  |c 2010. 
300 # # |a 436 tr. ;  |c 24 cm. 
610 # # |a Tổ chức thương mại thế giới  |x Quy tắc và thực tiễn. 
650 # # |a Giải quyết tranh chấp (Luật). 
700 # # |a Lê Huỳnh Phương Chinh,  |e dịch. 
700 # # |a Lê Thị Nguyệt Châu,  |e dịch. 
700 # # |a Leitner, Kara,  |e biên soạn. 
700 # # |a Lester, Simon,  |e biên soạn. 
700 # # |a Nguyễn Ánh Minh,  |e dịch. 
700 # # |a Nguyễn Nam Phương,  |e dịch. 
700 # # |a Nguyễn Phan Khôi,  |e dịch. 
700 # # |a Nguyễn Thành Trung,  |e dịch. 
700 # # |a Nguyễn Thị Mỹ Linh,  |e dịch. 
700 # # |a Nguyễn Thị Thành,  |e dịch. 
700 # # |a Nguyễn Thu Quỳnh,  |e dịch. 
700 # # |a Nguyễn Văn Hậu,  |e dịch. 
700 # # |a Phạm Thế Phong,  |e dịch. 
700 # # |a Trần Khắc Quy,  |e dịch. 
700 # # |a Võ Nguyễn Nam Trung,  |e dịch. 
923 # # |a 24/2011 
990 # # |a t.I 
991 # # |a SH 
992 # # |a 0 
994 # # |a DLU 
900 # # |a True 
911 # # |a Nguyễn Thanh Hương 
925 # # |a G 
926 # # |a A 
927 # # |a SH 
980 # # |a Thư viện Trường Đại học Đà Lạt